Catálogo de la Biblioteca Horacio González - Universidad Nacional de General Sarmiento

Las Provincias Unidas del Río de La Plata bajo el congreso de Tucumán : 1816-1819 (Registro nro. 63552)

Detalles MARC
000 -CABECERA
campo de control de longitud fija 00581nam a22002170a 4500
001 - NÚMERO DE CONTROL
campo de control PT41536
003 - IDENTIFICADOR DEL NÚMERO DE CONTROL
campo de control AR-LpoUNG
005 - FECHA Y HORA DE LA ÚLTIMA TRANSACCIÓN
campo de control 20220829162630.0
007 - CAMPO FIJO DE DESCRIPCIÓN FÍSICA--INFORMACIÓN GENERAL
campo de control de longitud fija aj |||||
040 ## - FUENTE DE LA CATALOGACIÓN
Centro catalogador/agencia de origen AR-LpoUNG
Lengua de catalogación spa
Centro/agencia transcriptor AR-LpoUNG
Normas de descripción aacr
082 0# - NÚMERO DE LA CLASIFICACIÓN DECIMAL DEWEY
Número de clasificación 982.03 275con
245 00 - MENCIÓN DE TÍTULO
Título Las Provincias Unidas del Río de La Plata bajo el congreso de Tucumán : 1816-1819
260 ## - PUBLICACIÓN, DISTRIBUCIÓN, ETC.
Lugar de publicación, distribución, etc. Buenos Aires :
Nombre del editor, distribuidor, etc. Edipe,
Fecha de publicación, distribución, etc. s.f..
300 ## - DESCRIPCIÓN FÍSICA
Extensión 1 mural laminado : col. ; 0,78 x 1,22 cm.
650 #4 - PUNTO DE ACCESO ADICIONAL DE MATERIA--TÉRMINO DE MATERIA
Término de materia o nombre geográfico como elemento de entrada ARGENTINA
650 #4 - PUNTO DE ACCESO ADICIONAL DE MATERIA--TÉRMINO DE MATERIA
Término de materia o nombre geográfico como elemento de entrada HISTORIA
650 #4 - PUNTO DE ACCESO ADICIONAL DE MATERIA--TÉRMINO DE MATERIA
Término de materia o nombre geográfico como elemento de entrada HISTORIA POLITICA
650 #4 - PUNTO DE ACCESO ADICIONAL DE MATERIA--TÉRMINO DE MATERIA
Término de materia o nombre geográfico como elemento de entrada MAPAS
905 ## - ELEMENTOS DE DATOS E LOCAL, LDE (RLIN)
a 41536
942 ## - ELEMENTOS DE PUNTO DE ACCESO ADICIONAL (KOHA)
Tipo de ítem Koha Mapas
Existencias
Estado de retiro Estado de pérdida Estado dañado No para préstamo Código de colección Localización permanente Ubicación/localización actual Fecha de adquisición Total de préstamos Signatura topográfica completa Código de barras Fecha visto por última vez Precio válido a partir de Tipo de ítem Koha
        Colección General Biblioteca Universidad Nacional de General Sarmiento Biblioteca Universidad Nacional de General Sarmiento 29/08/2022   982.03 275con 00048552 29/08/2022 29/08/2022 Mapas
        Colección General Biblioteca Universidad Nacional de General Sarmiento Biblioteca Universidad Nacional de General Sarmiento 29/08/2022   982.03 275con 00048553 29/08/2022 29/08/2022 Mapas
        Colección General Biblioteca Universidad Nacional de General Sarmiento Biblioteca Universidad Nacional de General Sarmiento 29/08/2022   982.03 275con 00048592 29/08/2022 29/08/2022 Mapas